000 00221 a2200097 4500
001 40120
100 _aHoward Constance
245 _aEmbroiderg & Colover
260 _aLondon
_bBT Batsford Ltd
_c
090 _c25023
_d25023
942 _aNUST-CAE
_cM
_c16696
999 _c275193
_d275193